LOL Teams that won Worlds - Statistics

General Stats
  • This quiz has been taken 139 times
  • The average score is 8 of 10
Answers on the Grid
Answers color-coded by a green-red scale on the quiz's grid according to % correct below.
DAMWON Gaming/Dplus
DRX
EDward Gaming
Fnatic
FunPlus Phoenix
Invictus Gaming
Samsung Galaxy
Samsung White
SK Telecom T1
Taipei Assassins
Weibo Gaming
Team SoloMid
Royal Never Give Up
KOO/ROX Tigers
Gen. G
G2 Esports
Cloud9
Bilibili Gaming
CTBC Flying Oyster
Splyce/MAD Lions Koi
 
Answer Stats
Answer % Correct
Won in 2011 Fnatic
85%
Won in 2013, 2015, 2016, 2023 and 2024 SK Telecom T1
84%
Won in 2022 DRX
79%
Won in 2021 EDward Gaming
75%
Won in 2018 Invictus Gaming
75%
Won in 2017 Samsung Galaxy
75%
Won in 2020 DAMWON Gaming/Dplus
74%
Won in 2019 FunPlus Phoenix
73%
Won in 2012 Taipei Assassins
72%
Won in 2014 Samsung White
68%
No matching quizzes found
Score Distribution
Percent of People with Each Score
Percentile by Number Answered
Your Score History
You have not taken this quiz